| 000 | 00821cam a2200289 a 4500 | ||
|---|---|---|---|
| 001 | 4521023 | ||
| 003 | ARRUPE | ||
| 005 | 20161129122140.0 | ||
| 008 | 000328s1999 enk b 001 0 eng | ||
| 010 | _a99012908 | ||
| 020 | _a0415189144 (hb) | ||
| 020 | _a0415189152 (pbk.) | ||
| 035 | _a(OCoLC)40830082 | ||
| 035 | _a(OCoLC)ocm40830082 | ||
| 035 | _a(NNC)4521023 | ||
| 040 |
_aDLC _cDLC _dDLC _dNNUT |
||
| 042 | _apcc | ||
| 090 |
_aBR430 _b.M84 1999 |
||
| 100 | 1 |
_aMullett, Michael A. _927714 |
|
| 245 | 1 | 4 |
_aThe Catholic Reformation / _cMichael A. Mullett |
| 260 |
_aLondon ; _aNew York : _bRoutledge, _c1999 |
||
| 300 |
_axi, 258 p. ; _c23 cm |
||
| 504 | _aIncludes bibliographical references (p. 215-246) and index | ||
| 650 | 0 |
_aCounter-Reformation. _98509 |
|
| 942 |
_2lcc _cMONOGRAPH |
||
| 999 |
_c125817 _d125817 |
||